Elementarmathematik von hoheren standpunkte aus

Αποθηκεύτηκε σε:
Λεπτομέρειες βιβλιογραφικής εγγραφής
Κύριος συγγραφέας: Klein, Felix 1849-1925
Μορφή: Βιβλίο
Γλώσσα:German
Δημοσίευση: Berlin : J.Springer, 1968 .
Σειρά:Grundlehren der mathematischen Wissenschaften in Einzeldarstellungen mit besonderer Berucksichtigung der Anwendungsgebiete ; 15-16
Θέματα:
Ετικέτες: Προσθήκη ετικέτας
Δεν υπάρχουν, Καταχωρήστε ετικέτα πρώτοι!

MARC

LEADER 00000cam a2200000 i 4500
001 1/52916
008 980826s19251968gw | ||| |||| ||ger||
035 |l 10044557 
040 |a GR-MyUA  |b gre  |e AACR2 
041 0 |a ger 
082 0 |a 510 
100 1 |a Klein, Felix  |d 1849-1925. 
245 1 0 |a Elementarmathematik von hoheren standpunkte aus /   |c Felix Klein ; fur den druck fertig gemacht und mit zusatzen versehen von Fr. Seyfarth.  
260 |a Berlin :   |b J.Springer,   |c 1968 .  
300 |a 2 τ. ;   |c 24 εκ. 
490 1 |a (Grundlehren der mathematischen Wissenschaften in Einzeldarstellungen mit besonderer Berucksichtigung der Anwendungsgebiete   |v ; 15-16)  
504 |a Πεςριέχει βιβλιογραφικές αναφορές και ευρετήριο.  
505 0 |a Τ . 2. Geometrie -- τ. 3. Prazisions-und approximationsmathematik.  
650 0 0 |a Mathematics. 
740 0 2 |a Geometrie 
740 0 2 |a Prazisions-und approximationsmathyematik 
767 0 8 |i Μεταφρασμένο ως:   |t Elementary mathematics from an advanced standpoint. Geometry /  
830 0 |a Grundlehren der mathematischen Wissenschaften in Einzeldarstellungen mit besonderer Berucksichtigung der Anwendungsgebiete ;  |v  15-16 
852 |a INST  |b SAMOS  |e 19980827  |h 510 KLE  |p 005300012155  |q 005300012155  |t BK  |y 0  |z v.3 
852 |a INST  |b SAMOS  |e 19980826  |h 510 KLE  |p 005300012156  |q 005300012156  |t BK  |y 0  |z v.2 
852 |a INST  |b SAMOS  |e 19980827  |h 510 KLE  |p 005300012155  |q 005300012155  |t BK  |v v.3:  |y 0  |z v.3 
852 |a INST  |b SAMOS  |e 19980826  |h 510 KLE  |p 005300012156  |q 005300012156  |t BK  |v v.2:  |y 0  |z v.2 
853 |a INST  |b SAMOS  |h 510 KLE 
901 |a BIBL-1998-2 
909 |a Σ  |b 041593 
909 |a Σ  |b 041594 
922 |a 3ΕΛΗ  |b 199808  |c ΒΙΒΛΙΟΘΗΚΗ  |d ΚΩΣΤΑΡΑΚΗΣ